000 00922nam a2200277 i 4500
003 EG-GICUC
005 20260414103404.0
008 260414s19641965||| |||fr|||| 00| 0 fre d
040 _aEG-GiCUC
_bfre
_cEG-GiCUC
_dEG-GiCUC
_eRda
082 0 4 _221
_a343.6
_bZL . P
092 0 4 _221
099 _aLaw1 10 343.6 ZL . P1964
100 1 _aZlataric, Bogdan
_eAuteur
245 1 0 _aParticipation Criminelle :
_bEtude De Droit Penal Compare /
_cPar Dr. Bogdan Zlataric.
264 1 _a[Lieu De Publication Non Précisé] :
_b[Éditeur Non Spécifié],
_c1964.
300 _a230 page ;
_c 24 cm.
336 _2rda contenu
_a texte
337 _2rda medias
_aOrdinateur
338 _2 transporteur rda
_a Ressource en ligne
650 1 _aCriminologie
_2qrmak
650 1 _aDroit Do Pénal
_2qrmak
651 1 _2qrmak
856 4 0 _uhttps://fll.law.cu.edu.eg/fulltext/bks/B10-09305.pdf
905 _a54
942 _2ddc
_cBK
_e21
_n0
999 _c70794
_d70794